000 01482cam a2200253 a 4500
003 OSt
005 20210225160422.0
008 050829s2004 ck rl 000 0 spa d
020 _a9583504807
040 _aCO-BoPUJ
_cCO-JMCR
041 0 _aspa
082 0 4 _a346.04346 /
_bC235c
_223
100 1 _aCastaño García, José Ignacio
_eautor
_913968
245 1 3 _aEl contrato de arrendamiento de inmuebles y el nuevo proceso de restitución :
_bLey 820 de 2003 y decretos reglamentarios /
_cJosé Ignacio Castaño García
260 _aBogotá :
_bTemis,
_c2004.
300 _axxi, 296 páginas ;
_c23 cm.
504 _aIncluye referencias bibliográficas.
505 0 _aRelación cronológica de las normas sobre arrendamiento -- Análisis de los elementos contractuales regulados en laleyn820 de 2003 -- Estudio del nuevo sistema de control y vigilancia en materia de arrendamientos -- Régimen especial para ejercer la actividad de arrendamiento de inmueble -- Arrendamiento de locales comerciales -- Restitución judicial de inmuebles arrendados para vivienda urbana -- De la conciliación extra judicial -- en derecho aplicable a los conflictos por arrendamiento de vivienda urbana -- Anexo normativo
610 1 4 _aColombia
_tLey 820 de 2003 (julio 10)
_913969
650 2 4 _aContratos (Derecho civil)
_zColombia
_913970
650 2 4 _aArrendamiento
_xLegislación
_zColombia
_913971
650 2 4 _aContratos de arrendamiento
_xLegislación
_zColombia
_913972
942 _2ddc
_cBK
999 _c7337
_d7337